| 000 | 00473cam a22001814a 4500 | ||
|---|---|---|---|
| 005 | 20250605163543.0 | ||
| 008 | 250528s ||||||||||||||||||||||||d | ||
| 035 | _a21649 | ||
| 020 | _a9780751770124 | ||
| 040 |
_aGR-AtMCL _bgre _dGR-AtMCL _eAACR2 |
||
| 245 | 1 | _aBTEC HIGHER NATIONAL IN BUSINESS CORE MODULE 3 MANAGING PEOPLE AND ACTIVITIES | |
| 250 | _a2 | ||
| 260 |
_bBBP publishing LTD, _c1996 |
||
| 300 | _a305 | ||
| 942 | _cBK | ||
| 999 |
_c6710 _d6710 |
||